Foundations of corporate success : (Record no. 627)

MARC details
000 -LEADER
fixed length control field 00668nam a22002297a 4500
005 - DATE AND TIME OF LATEST TRANSACTION
control field 20250420134819.0
008 - FIXED-LENGTH DATA ELEMENTS--GENERAL INFORMATION
fixed length control field 200813b ||||| |||| 00| 0 eng d
020 ## - INTERNATIONAL STANDARD BOOK NUMBER
International Standard Book Number 9780198287810
040 ## - CATALOGING SOURCE
Transcribing agency KCST
082 ## - DEWEY DECIMAL CLASSIFICATION NUMBER
Classification number 658.4012
Item number Ka Fo
100 ## - MAIN ENTRY--PERSONAL NAME
Personal name Kay, J. A. (John Anderson)
9 (RLIN) 5119
245 ## - TITLE STATEMENT
Title Foundations of corporate success :
Remainder of title how business strategies add value /
Statement of responsibility, etc. John A Kay
250 ## - EDITION STATEMENT
Edition statement Reprinting 2001
260 ## - PUBLICATION, DISTRIBUTION, ETC.
Place of publication, distribution, etc. Oxford u.a. :
Name of publisher, distributor, etc. Oxford Univ. Press
Date of publication, distribution, etc. ©1993
300 ## - PHYSICAL DESCRIPTION
Extent 416 p.
650 ## - SUBJECT ADDED ENTRY--TOPICAL TERM
Topical term or geographic name entry element Company success
9 (RLIN) 5120
650 ## - SUBJECT ADDED ENTRY--TOPICAL TERM
Topical term or geographic name entry element Management
9 (RLIN) 378
650 ## - SUBJECT ADDED ENTRY--TOPICAL TERM
Topical term or geographic name entry element Corporate policy
9 (RLIN) 5121
650 ## - SUBJECT ADDED ENTRY--TOPICAL TERM
Topical term or geographic name entry element Success planning
9 (RLIN) 5122
942 ## - ADDED ENTRY ELEMENTS (KOHA)
Koha item type Book
942 ## - ADDED ENTRY ELEMENTS (KOHA)
Source of classification or shelving scheme Dewey Decimal Classification
Holdings
Withdrawn status Lost status Source of classification or shelving scheme Damaged status Not for loan Home library Current library Date acquired Cost, normal purchase price Total checkouts Full call number Barcode Date last seen Price effective from Koha item type
    Dewey Decimal Classification     KCST Library KCST Library 13/08/2020 35.72   658.4012 Ka Fo 1000000548 13/08/2020 13/08/2020 Book
© 2025 KCST. All rights reserved